|
|
|
|
| LEADER |
00861nam a2200265 4500 |
| 001 |
DLU180185100 |
| 005 |
##20180522 |
| 040 |
# |
# |
|a DLU
|b vie
|
| 041 |
# |
# |
|a vie
|
| 044 |
# |
# |
|a vn
|
| 100 |
# |
# |
|a Lê Thị Sơn.
|
| 245 |
# |
# |
|a Tội phạm hận thù và ý nghĩa của việc nghiên cứu tội phạm này /
|c Lê Thị Sơn.
|
| 653 |
# |
# |
|a Khái niệm tội phạm hận thù
|
| 653 |
# |
# |
|a Nguyên nhân của tội phạm hận thù
|
| 653 |
# |
# |
|a Phòng ngừa tội phạm hận thù
|
| 653 |
# |
# |
|a Tội phạm hận thù
|
| 773 |
# |
# |
|t Luật học
|g Số 8(183), 2015, tr. 42-49
|
| 920 |
# |
# |
|a Phòng Tạp chí -- Trung tâm Thông tin - Thư viện Trường Đại học Đà Lạt
|
| 900 |
# |
# |
|a True
|
| 911 |
# |
# |
|a Nguyễn Thị Thu Phương
|
| 925 |
# |
# |
|a G
|
| 926 |
# |
# |
|a A
|
| 927 |
# |
# |
|a BB
|
| 980 |
# |
# |
|a Thư viện Trường Đại học Đà Lạt
|